000 02080cam a22002294a 4500
005 20250605164331.0
008 250528s ||||||||||||||||||||||||d
035 _a23218
020 _a9789603990965
040 _aGR-AtMCL
_bgre
_dGR-AtMCL
_eAACR2
245 1 _aΑθλητιατρική II
260 _bΠ.Χ Πασχαλίδης,
_c2002
300 _a576
520 _aΤο παρόν βιβλίο θα αποτελέσει αναμφισβήτητα ένα απαραίτητο βοήθημα για όλους τους γιατρούς που αντιμετωπίζουν αθλητές και αθλούμενους. Είναι επίσης ένα σημείο αναφοράς για τις σχετικές παραϊατρικές ειδικότητες ( φυσικοθεραπευτές, προπονητές, νοσηλευτές κ.λπ.) Πύελος και Ισχίο και Μηρός, Τραυματισμοί του Γόνατος, Κνήμη, Το Πόδι και η Ποδοκνημική, Παιδιατρική και Αθλητισμός, Το Κάτω Άρθρο, Το Άνω Άκρο, Η Σπονδυλική Στήλη, Αποκατάσταση, Τεχνικές Αποκατάστασης και Θεραπευτικά Μέσα, Τα Κάτω Άκρα, Το Άνω Άκρο, Η Σπονδυλική Στήλη, Άλλοι Παράγοντες και Προοπτικές, Διατροφή, Ισοζύγιο Υγρών, Κατάχρηση Ουσιών, Λοιμώδεις Νόσοι, Ψυχολογία των Σπόρ, Η Άσκηση στα Άτομα με Ψυχικές Παθήσεις, Αθλήματα και Άτομα με Ειδικές Ανάγκες, Ιατρικά και Νομικά Θέματα, Νομικά Ζητήματα στην Αθληιατρική, Doping, Έγκαυμα, Ευρετήριο.
700 1 _aBruno Peter J
_98799
700 1 _aMccann Peter D
_98800
700 1 _aScuderi Giles R
_98801
700 1 _aΜπαλτόπουλος Παν
_98802
942 _cBK
999 _c8247
_d8247